Tài liệu tập huấn về phương pháp khuyến nông có sự tham gia

Na minha lista:
Detalhes bibliográficos
Formato: Livro
Idioma:Undetermined
Publicado em: Trường Đại học Cần Thơ WOB 2003
Assuntos:
Tags: Adicionar Tag
Sem tags, seja o primeiro a adicionar uma tag!
Thư viện lưu trữ: Trung tâm Học liệu Trường Đại học Cần Thơ
LEADER 00510nam a2200157Ia 4500
001 CTU_124701
008 210402s9999 xx 000 0 und d
082 |a 630.715 
082 |b T103 
245 0 |a Tài liệu tập huấn về phương pháp khuyến nông có sự tham gia 
260 |a Trường Đại học Cần Thơ 
260 |b WOB 
260 |c 2003 
650 |a Agricultural extension and work 
904 |i M.Loan 
980 |a Trung tâm Học liệu Trường Đại học Cần Thơ